Кремний и германий: сборник статей; вып. 2

Manylion Llyfryddiaeth
Awduron Eraill: Фалькевич Э. С. Эдуард Семенович (редактор), Левинзон Д. И.
Iaith:Rwseg
Cyhoeddwyd: Москва, Металлургия, 1970
Pynciau:
Fformat: MixedMaterials Llyfr
KOHA link:https://koha.lib.tpu.ru/cgi-bin/koha/opac-detail.pl?biblionumber=88679

MARC

LEADER 00000nam0a2200000 4500
001 88679
005 20231031102722.0
035 |a (RuTPU)RU\TPU\book\95163 
090 |a 88679 
100 |a 20051228d1970 km y0rusy50 ca 
101 0 |a rus 
102 |a RU 
105 |a a z 001zy 
200 1 |a Кремний и германий  |e сборник статей  |h вып. 2  |f под ред. Э. С. Фалькевича, Д. И. Левинзона 
210 |a Москва  |c Металлургия  |d 1970 
215 |a 112 с.  |c ил. 
320 |a Библиогр. в конце статей 
610 1 |a кремний 
610 1 |a сборники 
610 1 |a германий 
675 |a 621.7м782  |v 3 
675 |a 621.7м783  |v 3 
702 1 |a Фалькевич  |b Э. С.  |g Эдуард Семенович  |4 340 
702 1 |a Левинзон  |b Д. И.  |4 340 
801 1 |a RU  |b 63413507  |c 20051228  |g PSBO 
801 2 |a RU  |b 63413507  |c 20190911  |g PSBO 
942 |c BK